000 01039nam a22002777a 4500
001 9454
003 FISKH
005 20260113082119.0
008 260113b cb ||||| |||| 00| 0 eng d
020 _a9780006752837
040 _aFISKH
_beng
_cFISKH
_dFISKH
082 _a599.744
100 _aEllis , Mary
245 _aThe arctic fox /
_cBy Mary Elllis : Illustrated by Kady MacDonal Denton
250 _aThis edition published in 1999
260 _aLondon :
_bCollins ,
_c1998 .
300 _a125 pages :
_billustrations ;
_c19 cm .
505 _aO
520 _aWhen Alex finds a white fox near her home, she is led to an injured man and an amazing story. She and her explorer father travel to the Arctic to return the fox to its natural habitat, and in doing so become involved in an Inuit family reunion.
521 8 _a600
_bLexile estimate
521 8 _aO
_bRaz-Plus
650 _aAnimals
_vChildren's fiction
700 _aDenton , Kady MacDonald
_eIllustrator
942 _2ddc
_cBK
_n0
999 _c9454
_d9454